Statistiques concernant Les plus grandes îles de France métropolitaine

Cliquez ici pour prendre le quiz!

Statistiques générales

  • Ce quiz a été pris 189 fois
  • Le résultat moyen est 9 sur 19

Statistiques - réponses

Superficie (en km²)Ile% Correct
8 680Corse
99%
85,3Ile de Ré
91%
190Ile d'Oléron
87%
49,0Ile de Noirmoutier
72%
85,6Belle-Ile
68%
23,3Ile d'Yeu
56%
12,5Ile de Porquerolles
54%
15,6Ile d'Ouessant
54%
14,8Ile de Groix
41%
2,9Ile de Bréhat
32%
3,2Ile de Batz
31%
7,0Ile de Port-Cros
30%
10,0Ile du Levant
28%
3,1Ile aux Moines
26%
2,9Ile d'Houat
25%
2,0Ile d'Hœdic
24%
2,7Ile d'Arz
18%
2,1Île Sainte-Marguerite
11%
3,0Ile aux Oiseaux
5%

Distribution des résultats

Percentile par nombre de réponses

% des personnes avec chaque résultat

Votre développement - résultats

Vous n’avez pas pris ce quiz